000
00306 a2200145 4500
001
168566
020
_a
040
_c
Magnum
100
_a
Bezerra Neto, Luiz
240
1
0
_a
Sem-terra aprende e ensina
_l
por
245
1
0
_a
Sem-terra aprende e ensina
362
0
_a
1899
697
_a
ENSINO
942
_c
BK
999
_c
168566
_d
168566